Responses for show #4521 - Monday, April 12, 2004

Scott Renzoni game 3.

Contestants

Lynn Stanton, a reporter and editor from Silver Spring, Maryland

Lance Higgins, a data quality consultant from Medway, Massachusetts

Scott Renzoni, a bartender and actor from Burlington, Vermont (whose 2-day cash winnings total $53,698)

Jeopardy! Round responses

SPAIN & PORTUGAL
BROADWAY LYRICS
M
1983
YOU SELL IT, GIRL!
THAT'S A "RAP"
    $200 16
Lisbon

Lance
    $200 1
(Lynn: Who is George Cohan?)

Yankee Doodle Dandy

LanceLynn
    $200 14
my

Renzo
    $200 26
(Alex: With a minute to go.)

Lech Walesa

Renzo
    $200 4
Morton Salt

Renzo
    $200 9
Rapunzel

Renzo
    $400 17
(Renzo: What is the Bay of Biscay?)

the Mediterranean Sea

RenzoLance
    $400 2
Cabaret

Triple Stumper
    $400 15
Murder

Lynn
    $400 27
OPEC

Renzo
    $400 5
Coppertone

Lance
    $400 10
rappel

Renzo
    $600 18
abdicated

Renzo
    $600 3
(Lance: What is whistle?)
(Alex: Be more specific.)
(Lance: Whistle in the dark?)

whistle a happy tune

LanceLynn
    $600 21
meters

Lynn
    $600 28
the Miami Dolphins

Lynn
    $600 6
Sun Maid Raisins

Lance
    $600 11
raptor

Renzo
    $800 19
sherry

Lynn
    $800 24
the surrey with the fringe on top

Lance
    $800 22
Judi Dench

Lance
    $800 29
an artificial heart

Renzo
    $800 7
Campbell's Soup

Renzo
    $800 12
the Rappahannock

Renzo
    $1000 20
La Mancha

Lynn
    $1000 25
cockeyed

Lynn
    $1000 23
cell

Triple Stumper
    $2,200 30
Grenada

Renzo
    $1000 8
Tropicana

Renzo
    $1000 13
rapacious

Lynn

Scores at the first commercial break (after clue 15):

Renzo Lance Lynn
$4,200 $600 $1,800

Scores at the end of the Jeopardy! Round:

Renzo Lance Lynn
$8,000 $2,800 $5,800

Double Jeopardy! Round responses

PLANTS & TREES
CONGRESSIONAL RECORD
COMPLETES THE PLAY TITLE
ER
COOK COUNTY
5 "C.C."s, STAT!
    $400 1
lavender

Lynn
    $400 2
maternity leave

Renzo
    $400 3
into Night

Renzo
    $400 16
George Clooney

Renzo
    $400 21
molasses

Renzo
    $400 26
cattle call

Lynn
    $800 8
sugarcane

Lance
    $800 10
New York

Lynn
    $800 4
to Dinner

Renzo
    $800 17
live

Lynn
    $800 22
cornmeal

Lance
    $800 27
the captain's chair

Lance
    $1200 9
cattails

Lynn
    $2,000 11
(Alex: He was a Democrat from Utah.)

bigamy

Lynn
    $1200 5
Superman

Lynn
    $1200 18
Noah Wyle

Renzo
    $1200 23
fat

Lynn
    $1200 28
Candid Camera

Renzo
    $1600 14
beech

Renzo
    $1600 12
William Jennings Bryan

Lynn
    $1600 6
Rhine

Lance
    $2,200 19
(Renzo: [no response])

scrubs

Renzo
    $1600 24
(Lance: What is bread?)

noodles

Lance
Triple Stumper
    $1600 29
Carson City (Nevada)

Lynn
    $2000 15
Linden

Renzo
    $2000 13
William Proxmire

Lynn
    $2000 7
Sister George

Triple Stumper
    $2000 20
Michael Crichton

Renzo
    $2000 25
naan

Triple Stumper
    $2000 30
Cold Comfort

Renzo

Scores at the end of the Double Jeopardy! Round:

Renzo Lance Lynn
$18,200 $5,200 $19,000

[wagering suggestions for these scores]

Final Jeopardy! Round responses

LABOR UNION PRESIDENTS
(Alex: It's not enough to know the correct response, you have to wager to win!)
LanceWho is Melissa Gilbert?
$0
RenzoWho is Melissa Gilbert?
$7,500
LynnWho is Melissa Gilbert?
$0
Melissa Gilbert

Final scores:

Renzo Lance Lynn
$25,700 $5,200 $19,000
3-day champion: $79,398 3rd place: $1,000 2nd place: $2,000

Game dynamics:

Coryat scores:

Renzo Lance Lynn
$19,200 $5,200 $18,200
24 R
(including 1 DD),
2 W
(including 1 DD)
11 R,
2 W
19 R
(including 1 DD),
1 W

Combined Coryat: $42,600

The J! Archive is created by fans, for fans. The Jeopardy! game show and all elements thereof, including but not limited to copyright and trademark thereto, are the property of Jeopardy Productions, Inc. and are protected under law. This website is not affiliated with, sponsored by, or operated by Jeopardy Productions, Inc. Join the discussion at JBoard.tv.